000
00261nam a2200097Ia 4500
001
744813
005
20250826164305.0
008
250824s9999 xx 000 0 und d
245
0
_a
3 KAFADAR TARİHİN İZİNDE
_c
YAŞAR BAYRAKTAR
260
_b
MAVİ KİRPİ YAYINLARI
999
_c
744813
_d
744813